| 000 | 00757cam a22002172 4500 | ||
|---|---|---|---|
| 001 | 0000002664 | ||
| 005 | 20151217151901.0 | ||
| 008 | 070418s xx 000 0 eng d | ||
| 020 |
_a9966461671 : _cKES 360 |
||
| 040 |
_aKABU _cKABU |
||
| 050 | 0 |
_aPL8379.9 _b.N4S54 1982 |
|
| 100 | 1 |
_aNgugi wa Thiong'o. _@0000152283 |
|
| 245 | 1 | 0 |
_aShetani msalabani / _cNgugi wa Thiong'o. |
| 260 |
_aNairobi : _aKampala : _bEast Africa Educational Publishers, _c1982. |
||
| 300 |
_a272 p. ; _c18 cm. |
||
| 440 | 0 |
_aWaandishi wa kiafrika _@0000152123 |
|
| 500 | _aSwahili translation of: Devil on the cross. c1982. First published in Gikuyu as: Caitaani mutharabaini. | ||
| 908 | _a070418 | ||
| 950 | _@1 | ||
| 999 |
_c5963 _d5963 |
||